Central Library OPAC University of Rajshahi

Planning of experiments / (Record no. 8502)

MARC details
000 -LEADER
fixed length control field 00754nam a2200253 i 4500
001 - CONTROL NUMBER
control field 8502
003 - CONTROL NUMBER IDENTIFIER
rucl marc code BD-RjUL
005 - DATE AND TIME OF LATEST TRANSACTION
control field 20211208234612.0
008 - FIXED-LENGTH DATA ELEMENTS--GENERAL INFORMATION
fixed length control field 140118s1958 ua b 00100 eng d
020 ## - INTERNATIONAL STANDARD BOOK NUMBER
International Standard Book Number 0471181838
035 ## - SYSTEM CONTROL NUMBER
System control number (BD-RjUL)8547
040 ## - CATALOGING SOURCE
Original cataloging agency BD-RjUL
Language of cataloging eng
Transcribing agency BD-RjUL
Modifying agency BD-RjUL
041 ## - LANGUAGE CODE
Language code of text/sound track or separate title eng
082 00 - DEWEY DECIMAL CLASSIFICATION NUMBER
Classification number 519.5
Author mark and year COP 1958
100 1# - MAIN ENTRY--PERSONAL NAME
Personal name Cox, D. R.
Fuller form of name (David Roxbee)
9 (RLIN) 5226
245 10 - TITLE STATEMENT
Title Planning of experiments /
Statement of responsibility, etc. D.R. Cox.
260 0# - PUBLICATION, DISTRIBUTION, ETC. (IMPRINT)
Place of publication, distribution, etc. New York :
Name of publisher, distributor, etc. Wiley,
Date of publication, distribution, etc. c1958.
300 ## - PHYSICAL DESCRIPTION
Pagination vii, 308p. :
Illustrations ill. ;
Size 24cm.
500 ## - GENERAL NOTE
General note Includes bibliographical references and indexes.
504 ## - BIBLIOGRAPHY, ETC. NOTE
Bibliography, etc Bibliography: p.292-293.
650 #0 - SUBJECT ADDED ENTRY--TOPICAL TERM
Topical term or geographic name as entry element Experimental design.
9 (RLIN) 26485
942 ## - ADDED ENTRY ELEMENTS (KOHA)
Source of classification or shelving scheme Dewey Decimal Classification
Koha item type Books
Holdings
Lost status Source of classification or shelving scheme Damaged status Not for loan Collection code Permanent Location Current Location Shelving location Date acquired Source of acquisition Cost, normal purchase price Total Checkouts Full call number Date last seen Copy number Koha item type
  Dewey Decimal Classification     Non-fiction Central Library, University of Rajshahi Central Library, University of Rajshahi   25/09/1984 Toppan Tulip 47.25   519.5 COP 1958 18/01/2014 C-7 Books
  Dewey Decimal Classification   Not For Loan Non-fiction Central Library, University of Rajshahi Central Library, University of Rajshahi Reading Room 02/11/1962 Zeitlinger 57.00   519.5 COP 1958 22/01/2014 C-1 Books
  Dewey Decimal Classification     Non-fiction Central Library, University of Rajshahi Central Library, University of Rajshahi   02/11/1962 Zeetlinger 57.00   519.5 COP 1958 30/08/2016 C-2 Books
  Dewey Decimal Classification     Non-fiction Central Library, University of Rajshahi Central Library, University of Rajshahi   20/12/1969 Neamel bookshop raj 48.00   519.5 COP 1958 01/09/2016 C-3 Books
  Dewey Decimal Classification     Non-fiction Central Library, University of Rajshahi Central Library, University of Rajshahi   20/12/1969 Neamel bookshop raj 48.00   519.5 COP 1958 01/09/2016 C-4 Books
  Dewey Decimal Classification     Non-fiction Central Library, University of Rajshahi Central Library, University of Rajshahi   25/09/1986 Tappan and tulip 47.25   519.5 COP 1958 03/09/2016 C-5 Books
  Dewey Decimal Classification     Non-fiction Central Library, University of Rajshahi Central Library, University of Rajshahi   24/06/1963 Zeetlinger 53.00   519.5 COP 1958 03/10/2016 C-6 Books